Ocenenie poistenia invalidity v Slovenskej republiky diplomová práca

Gespeichert in:
Bibliographische Detailangaben
1. Verfasser: Koščák, Marek
Körperschaft: Fakulta hospodárskej informatiky EU. Katedra matematiky a aktuárstva
Weitere Verfasser: Krčová, Ingrid, 1969-
Format: Buch
Sprache:Slowakisch
Veröffentlicht: Bratislava 2024
Tags: Tag hinzufügen
Keine Tags, Fügen Sie das erste Tag hinzu!

MARC

LEADER 00000nbm a2200000 4500
001 0301118
005 20260126135900.6
041 0 |a slo 
044 |a SK 
245 1 0 |a Ocenenie poistenia invalidity v Slovenskej republiky  |b diplomová práca  |c Marek Koščák ; školiteľ: Ingrid Krčová 
264 1 |a Bratislava  |c 2024 
300 |a 63 s. 
100 1 |a Koščák, Marek 
700 1 |a Krčová, Ingrid, 1969- 
710 2 |a Fakulta hospodárskej informatiky EU. Katedra matematiky a aktuárstva